Mikuláš v materskej škôlke
| Corporate Author: | |
|---|---|
| Format: | Article |
| Language: | Multiple languages Slovak Hungarian |
| PhysicalDescription: | Fotogr. |
| ISSN: | 1338-022 |
| Subjects: |
MARC
| LEADER | 00000nab a2200000 a 4500 | ||
|---|---|---|---|
| 001 | vtls010670213 | ||
| 005 | 20260427122915.0 | ||
| 008 | 150428c2015 xo qrzp 0 0mul | ||
| 040 | |a RVGKPD |b slo |c RVGKPD |e AACR2 | ||
| 041 | 1 | |a mul |a slo |a hun | |
| 044 | |a xo |c SK | ||
| 080 | |a 373.23 |2 2008 | ||
| 110 | 1 | |a učiteľky materskej školy |4 aut |9 1620431 | |
| 245 | 0 | 0 | |a Mikuláš v materskej škôlke |c [autor] učiteľky materskej školy |
| 246 | 3 | |a Az óvodába is ellátogatott a Mikulás | |
| 300 | |b Fotogr. | ||
| 610 | 2 | 7 | |a Materská škola (Krásnohorské Podhradie, Slovensko) |2 SNKKA |9 1620432 |
| 611 | 2 | 7 | |a Mikuláš |d (2014 : |c Krásnohorské Podhradie, Slovensko) |2 SNKKA |9 1620433 |
| 651 | 7 | |a Krásnohorské Podhradie (Slovensko) |2 rvgkpd |9 26876 | |
| 651 | 7 | |a Rožňava (Slovensko : okres) |2 rvgkpd |9 19215 | |
| 773 | 0 | |t Život pod hradom |g Roč. X, č. 1 (2015), s. 3 |x 1338-022 | |
| 773 | 0 | |t Váraljai hírmondó |g Évf. X, sz. 1 (2015), o. 3 |x 1338-022 | |
| 852 | |a RVGKPD | ||
| 999 | |c 3339521 |d 3341451 | ||


